000 01524cam a2200361 a 4500
001 15523924
003 OSt
005 20240617153002.0
008 081117s2009 enka j b 001 0 eng
010 _a 2008049448
020 _a9780521519823
020 _a0521519829
035 _a(OCoLC)ocn273824406
040 _aMUST LIB
_cMUST
_dMUST
050 0 0 _aQB991.C64
_bP44 2009
082 0 0 _a523.1
_222
_bPEE
100 1 _aPeebles, P. J. E.
_q(Phillip James Edwin)
_917376
245 1 0 _aFinding the big bang /
_cP. James E. Peebles, Lyman A. Page, Jr., and R. Bruce Partridge.
260 _aCambridge ;
_aNew York :
_bCambridge University Press,
_c2009.
300 _axvi, 571 p. :
_bill. (some col.) ;
_c26 cm.
504 _aIncludes bibliographical references (p. 531-560) and index.
650 0 _aCosmic background radiation.
_917377
650 0 _aBig bang theory.
_98148
650 0 _aCosmology.
_93606
700 1 _aPage, Lyman A.
_917378
700 1 _aPartridge, R. B.
_917379
856 4 1 _3Table of contents only
_uhttp://www.loc.gov/catdir/enhancements/fy1001/2008049448-t.html
856 4 2 _3Publisher description
_uhttp://www.loc.gov/catdir/enhancements/fy1001/2008049448-d.html
856 4 2 _3Contributor biographical information
_uhttp://www.loc.gov/catdir/enhancements/fy1001/2008049448-b.html
906 _a7
_bcbc
_corignew
_d1
_eecip
_f20
_gy-gencatlg
942 _2ddc
_cO_SHELF
999 _c8566
_d8566